| 000 | 00799cam a22002533a 4500 | ||
|---|---|---|---|
| 001 | 18230 | ||
| 003 | PGUSA | ||
| 005 | 20140828083404.0 | ||
| 008 | 060422s2006||||xxu|||||s|||||000 | eng d | ||
| 040 |
_aPGUSA _beng |
||
| 042 | _adc | ||
| 050 | 4 | _aPN | |
| 245 | 1 | 0 |
_aHow to Write a Play : _bLetters from Augier, Banville, Dennery, Dumas, Gondinet, Labiche, Legouvé, Pailleron, Sardou and Zola _h[electronic resource] |
| 260 |
_bProject Gutenberg, _c2006 |
||
| 506 | _aPublic domain in the USA. | ||
| 516 | _aElectronic text | ||
| 653 | _aDrama -- Technique | ||
| 653 | _aPlaywriting | ||
| 700 | 1 |
_aMiles, Dudley H. _q(Dudley Howe), _d1881- |
|
| 700 | 1 |
_aGillette, William, _d1853-1937 |
|
| 830 | 0 |
_aProject Gutenberg _v18230 |
|
| 856 | 4 | 0 | _uhttp://www.gutenberg.org/ebooks/18230 |
| 942 | _cEB | ||
| 999 |
_c247485 _d247485 |
||